|
|
|
|
| LEADER |
00000nab a2200000u 4500 |
| 001 |
vtls012070476 |
| 003 |
SK-MaSNL |
| 005 |
20260303100012.0 |
| 008 |
210924|20210917xo ||||||| || ||slo| |
| 038 |
|
|
|a KEVKJB
|
| 040 |
|
|
|a KEVKJB
|b slo
|e rda
|
| 041 |
0 |
|
|a slo
|
| 043 |
|
|
|a e-xo---
|
| 044 |
|
|
|a xo
|c SK
|
| 072 |
|
7 |
|a 796
|x Šport. Hry. Telesné cvičenia
|2 konspekt
|
| 080 |
|
|
|a 796.61.093.52
|2 2011
|
| 100 |
1 |
|
|a Lendel, Michal
|4 aut
|9 1086422
|
| 245 |
1 |
0 |
|a Starosta rozdal deťom z osady sladkosti. Fandili ako o dušu
|b "Sagan! Sagan!" pokrikovali neustále
|c Michal Lendel
|
| 300 |
|
|
|b Fotografie
|
| 336 |
|
|
|a text
|b txt
|2 rdacontent
|
| 337 |
|
|
|a bez média
|b n
|2 rdamedia
|
| 338 |
|
|
|a zväzok
|b nc
|2 rdacarrier
|
| 611 |
2 |
7 |
|a Okolo Slovenska
|n (65. :
|d 2021 :
|c Slovensko)
|2 kevkjb
|9 1110131
|
| 650 |
0 |
7 |
|a cyklistické preteky
|2 SNKPH
|9 69581
|
| 651 |
|
7 |
|a Jasov (Slovensko)
|2 SNKPHgeo
|9 22401
|
| 651 |
|
7 |
|a Košice-okolie (Slovensko : okres)
|2 SNKPHgeo
|9 146743
|
| 773 |
0 |
|
|t Korzár
|g Roč. XXIV., č. 215 (17.9.2021), s. 5
|x 2585-7355
|
| 852 |
|
|
|a KEVKJB
|b KIS3GCP
|
| 856 |
4 |
1 |
|u https://kosice.korzar.sme.sk/c/22743818/starosta-jasova-rozdal-detom-z-osady-sladkosti-saganovi-fandili-ako-o-dusu.html
|
| 999 |
|
|
|c 1827651
|d 1829581
|